000
00312nam a2200133Ia 4500
008
200615s9999||||xx |||||||||||||| ||und||
020
_a
9788131502078
082
_a
650
_b
MAR-J
100
_a
JAIN,SUBHASH C.
245
0
_a
MARKETING PLANNING & STRATEGY
250
_a
7TH
260
_b
THOMSON
_c
2004
942
_c
BK
999
_c
27664
_d
27664